Materials for Building : Heat and fire and their effects
| Main Author: | |
|---|---|
| Format: | Book |
| Published: |
London :
Newnes-Butterworths ,
1976
|
| Subjects: |
MARC
| LEADER | 00000cam a2200000 7i4500 | ||
|---|---|---|---|
| 001 | 0000008088 | ||
| 005 | 20170104.0 | ||
| 020 | |a 408001712 | ||
| 040 | |a INS | ||
| 090 | 0 | 0 | |a TA403 |b A37 1972 |
| 100 | 1 | |a Addleson, Lyall | |
| 245 | 1 | 0 | |a Materials for Building : |b Heat and fire and their effects |c Lyall Addleson |
| 260 | |a London : |b Newnes-Butterworths , |c 1976 | ||
| 300 | |a 181p ; |c 30 cm. | ||
| 500 | |a Volume 4, Heat and fire and their effects | ||
| 650 | 0 | 0 | |a Building materials |
| 999 | |a 0000022998 |b BOOK |c Open Shelf |e Default branch | ||